- Escuela Normal para Profesores de Instrucción Primaria (México)
Entry Nombre Corporativo
001 - NÚMERO DE CONTROL
- campo de control: 51776
003 - IDENTIFICADOR DE NUMERO DE CONTROL
- campo de control: MX-MxUPN
005 - FECHA Y HORA DE LA ÜLTIMA TRANSACCIÓN
- campo de control: 20240429154347.0
008 - DATOS DE LONGITUD FIJA
- campo de control de longitud fija: 240429|| acn||aabn a ||a d
040 ## - FUENTE DE CATALOGACIÓN
- Agencia original de catalogación: MX-MxUPN
- Lenguaje de catalogación: spa
- Agencia transcribe: MX-MxUPN
110 2# - ENCABEZAMIENTO - NOMBRE CORPORATIVO
- Nombre corporativo o de jurisdicción como elemento de entrada : Escuela Normal para Profesores de Instrucción Primaria (México)
410 2# - MENCIÓN DE REFERENCIA “VÉASE” – NOMBRE DE ENTIDAD CORPORATIVA
- Corporate name or jurisdiction name as entry element: Escuela Normal P. para Maestros (México)
410 2# - MENCIÓN DE REFERENCIA “VÉASE” – NOMBRE DE ENTIDAD CORPORATIVA
- Corporate name or jurisdiction name as entry element: Escuela Normal Primaria para Maestros (México)
510 2# - MENCIÓN DE REFERENCIA “VÉASE ADEMÁS”- NOMBRE DE ENTIDAD CORPORTATIVA
- Control subfield: r
- Relationship information: Sucesor
- Corporate name or jurisdiction name as entry element: Benemérita Escuela Nacional de Maestros (México)
670 ## - FUENTE EN LA QUE SE LOCALIZARON DATOS
- Cita de la fuente : Reglamento para la Escuela Normal de Profesores de Instrucción Primaria en la ciudad de México, 1887:
- Información localizada: página 5 (Art. 1°. Se establece en la capital de la república una Escuela Normal para Profesores de Instrucción Primaria)
670 ## - FUENTE EN LA QUE SE LOCALIZARON DATOS
- Cita de la fuente : Secretaría de Educación Pública : cien años, 2023:
- Información localizada: página 379 (Con ellos planteó y llevó a la práctica un gran proyecto educativo: la creación, en febrero de 1925, de la Escuela Nacional de Maestros (ENM), una institución que se funda con la unión de las tres normales que existían en la ciudad de México en ese momento: la Escuela Normal para Profesores de Instrucción Primaria, la Escuela de Señoritas y la Escuela Nocturna)
670 ## - FUENTE EN LA QUE SE LOCALIZARON DATOS
- Cita de la fuente : Notions de pédagogie, 1884:
- Información localizada: (sello en la portada con el lema: Escuela Normal P. para Maestros, Jun. 10, 1913)
902 ## - CATALOGADOR
- Catalogador: Víctor Ruiz/290424
